00254 a2200121 4500001000700000020001800007040001100025100002600036240002900062245002400091300000800115362000900123188814 a85-10-03288-2 cMagnum aMotta, Marly Silva da10aHistória em cursolpor10aHistória em curso a4150 a2004